Management accountancy (Record no. 5869)

MARC details
000 -LEADER
fixed length control field 00520cam a2200193ua 4500
008 - FIXED-LENGTH DATA ELEMENTS--GENERAL INFORMATION
fixed length control field 140308n ii |||gr||||Z||||||eng
020 ## - INTERNATIONAL STANDARD BOOK NUMBER
International Standard Book Number 978-81-7381-736-6
040 ## - CATALOGING SOURCE
Transcribing agency MAIN
082 ## - DEWEY DECIMAL CLASSIFICATION NUMBER
Classification number 658.1511
245 ## - TITLE STATEMENT
Title Management accountancy
Statement of responsibility, etc. By B.K. Basu
250 ## - EDITION STATEMENT
Edition statement Rev & enl Central ed/ rep.
260 ## - PUBLICATION, DISTRIBUTION, ETC.
Place of publication, distribution, etc. Kolkata:
Name of publisher, distributor, etc. New central book agency (p) ltd.,
Date of publication, distribution, etc. 2008.
300 ## - PHYSICAL DESCRIPTION
Extent xxi,1101p.
700 ## - ADDED ENTRY--PERSONAL NAME
Personal name Basu,B.K.,
Relator term
942 ## - ADDED ENTRY ELEMENTS (KOHA)
Koha item type Books
653 ## - INDEX TERM--UNCONTROLLED
Uncontrolled term General management
653 ## - INDEX TERM--UNCONTROLLED
Uncontrolled term Management accountancy
Holdings
Withdrawn status Lost status Damaged status Not for loan Home library Current library Shelving location Date acquired Total Checkouts Full call number Barcode Date last seen Copy number Price effective from Koha item type
        Central Library, Naharkatiya College Central Library, Naharkatiya College General Stacks 19/09/2020   658.1511 | BAS 20843 19/09/2020 1 19/09/2020 Books

Naharkatiya College © 2020. All rights reserved.

Powered By